000 00452cam a22001457a 4500
008 180718b1961 xxu||||| |||| 00| 0 eng d
082 _aLx644 C839
100 _aCox-George, N.A.
245 _aFinance and development in West Africa - the Sierra Leone experience
_cby N.A. Cox-George
260 _aLondon
_bDobason
_c1961
300 _a333p.
500 _a50/-
650 _aSierra Leone - Economic Conditions
650 _aFinance Public - Sierra Leone
999 _c363391
_d363391